[Event "European Women's Championship"]
[Site "Vysoke Tatry"]
[Date "2018.04.09"]
[Round "2"]
[White "Ozturk, Kubra"]
[Black "Stefanova, Antoaneta"]
[Result "1/2-1/2"]
[Board "27"]
[WhiteElo "2295"]
[WhiteTitle "WGM"]
[WhiteCountry "TUR"]
[WhiteFideId "6302599"]
[WhiteEloChange "5"]
[BlackElo "2479"]
[BlackTitle "GM"]
[BlackCountry "FID"]
[BlackFideId "2902257"]
[BlackEloChange "-2"]

1. d4 {[%clk 1:30:54]} d5 {[%clk 1:30:51]} 2. c4 {[%clk 1:31:15]} e6 {[%clk
1:31:15]} 3. Nf3 {[%clk 1:31:31]} c6 {[%clk 1:31:16]} 4. Bg5 {[%clk 1:31:21]} Ne7
{[%clk 1:20:11]} 5. Qc2 {[%clk 1:27:40]} h6 {[%clk 1:17:56]} 6. Bf4 {[%clk
1:21:37]} Ng6 {[%clk 1:12:12]} 7. Bg3 {[%clk 1:15:15]} Bb4+ {[%clk 1:05:10]} 8.
Nbd2 {[%clk 1:14:32]} O-O {[%clk 1:02:01]} 9. e3 {[%clk 1:12:26]} Nd7 {[%clk
0:56:02]} 10. Bd3 {[%clk 1:11:20]} f5 {[%clk 0:56:24]} 11. a3 {[%clk 1:03:05]}
Be7 {[%clk 0:36:50]} 12. cxd5 {[%clk 0:52:21]} cxd5 {[%clk 0:37:16]} 13. O-O
{[%clk 0:34:34]} Nf6 {[%clk 0:35:13]} 14. Rac1 {[%clk 0:31:24]} Ne4 {[%clk
0:31:50]} 15. Bc7 {[%clk 0:29:53]} Qe8 {[%clk 0:32:09]} 16. Ne5 {[%clk 0:29:05]}
Nxe5 {[%clk 0:29:42]} 17. Bxe5 {[%clk 0:28:35]} Bd7 {[%clk 0:29:21]} 18. Nb1
{[%clk 0:27:54]} Bc6 {[%clk 0:22:04]} 19. f3 {[%clk 0:25:17]} Nd6 {[%clk
0:22:09]} 20. Nd2 {[%clk 0:19:32]} Rc8 {[%clk 0:20:44]} 21. Qd1 {[%clk 0:19:38]}
b5 {[%clk 0:16:36]} 22. Qe1 {[%clk 0:14:17]} Nc4 {[%clk 0:15:39]} 23. Nxc4 {[%clk
0:14:34]} bxc4 {[%clk 0:11:41]} 24. Bb1 {[%clk 0:14:52]} Bf6 {[%clk 0:10:35]} 25.
Bxf6 {[%clk 0:07:44]} Rxf6 {[%clk 0:10:58]} 26. e4 {[%clk 0:07:30]} fxe4 {[%clk
0:03:51]} 27. fxe4 {[%clk 0:07:59]} Qf7 {[%clk 0:03:12]} 28. Qe2 {[%clk 0:06:58]}
dxe4 {[%clk 0:01:47]} 29. Bxe4 {[%clk 0:06:40]} Bd5 {[%clk 0:00:58]} 30. Bxd5
{[%clk 0:05:26]} exd5 {[%clk 0:01:26]} 31. Qe5 {[%clk 0:05:38]} Rcc6 {[%clk
0:01:13]} 32. Rce1 {[%clk 0:04:27]} Kh7 {[%clk 0:00:59]} 33. h3 {[%clk 0:02:38]}
Rce6 {[%clk 0:00:55]} 34. Rxf6 {[%clk 0:02:19]} Rxe5 {[%clk 0:00:45]} 35. Rxf7
{[%clk 0:02:45]} Rxe1+ {[%clk 0:01:11]} 36. Kh2 {[%clk 0:03:07]} Rd1 {[%clk
0:00:50]} 37. Rxa7 {[%clk 0:03:18]} Rxd4 {[%clk 0:01:16]} 38. Rd7 {[%clk
0:02:33]} Rd1 {[%clk 0:01:29]} 39. a4 {[%clk 0:02:38]} d4 {[%clk 0:01:45]} 40. a5
{[%clk 0:32:54]} d3 {[%clk 0:31:35]} 41. a6 {[%clk 0:28:50]} Ra1 {[%clk 0:24:45]}
42. a7 {[%clk 0:28:53]} Kg6 {[%clk 0:21:03]} 43. Rc7 {[%clk 0:20:32]} d2 {[%clk
0:14:01]} 44. Rd7 {[%clk 0:20:54]} Rxa7 {[%clk 0:14:17]} 45. Rxd2 {[%clk
0:21:22]} Kf5 {[%clk 0:14:28]} 46. Re2 {[%clk 0:18:44]} Kf4 {[%clk 0:10:57]} 47.
Kg1 {[%clk 0:16:24]} h5 {[%clk 0:10:49]} 48. Rc2 {[%clk 0:11:03]} Ra4 {[%clk
0:08:25]} 49. Kf2 {[%clk 0:11:03]} h4 {[%clk 0:06:43]} 50. Ke2 {[%clk 0:11:00]}
Ke4 {[%clk 0:06:28]} 51. Kd2 {[%clk 0:11:02]} Kd4 {[%clk 0:06:32]} 52. Rc3 {[%clk
0:10:57]} Ra5 {[%clk 0:04:04]} 53. g3 {[%clk 0:10:15]} Rh5 {[%clk 0:00:50]} 54.
gxh4 {[%clk 0:10:30]} Rxh4 {[%clk 0:01:17]} 1/2-1/2

[Event "European Women's Championship"]
[Site "Vysoke Tatry"]
[Date "2018.04.09"]
[Round "2"]
[White "Pogonina, Natalija"]
[Black "Paramzina, Anastasya"]
[Result "1/2-1/2"]
[Board "28"]
[WhiteElo "2474"]
[WhiteTitle "WGM"]
[WhiteCountry "RUS"]
[WhiteFideId "4147855"]
[WhiteEloChange "-3"]
[BlackElo "2271"]
[BlackTitle "WGM"]
[BlackCountry "RUS"]
[BlackFideId "4165012"]
[BlackEloChange "5"]

1. d4 {[%clk 1:30:56]} Nf6 {[%clk 1:30:57]} 2. c4 {[%clk 1:31:17]} c6 {[%clk
1:31:24]} 3. Nc3 {[%clk 1:29:32]} d5 {[%clk 1:30:32]} 4. e3 {[%clk 1:29:51]} e6
{[%clk 1:30:37]} 5. Nf3 {[%clk 1:28:50]} Nbd7 {[%clk 1:30:55]} 6. Bd3 {[%clk
1:17:05]} dxc4 {[%clk 1:30:38]} 7. Bxc4 {[%clk 1:17:30]} b5 {[%clk 1:31:05]} 8.
Be2 {[%clk 1:16:54]} Bb7 {[%clk 1:30:49]} 9. a3 {[%clk 1:14:19]} a6 {[%clk
1:08:57]} 10. e4 {[%clk 1:03:30]} c5 {[%clk 1:07:59]} 11. e5 {[%clk 1:03:43]}
cxd4 {[%clk 1:08:06]} 12. Nxb5 {[%clk 0:41:39]} axb5 {[%clk 1:06:07]} 13. exf6
{[%clk 0:42:02]} e5 {[%clk 0:19:39]} 14. O-O {[%clk 0:39:20]} Qb6 {[%clk
0:14:57]} 15. Qb3 {[%clk 0:31:27]} b4 {[%clk 0:07:50]} 16. Ng5 {[%clk 0:26:32]}
Qxf6 {[%clk 0:07:08]} 17. Bc4 {[%clk 0:26:22]} h6 {[%clk 0:03:54]} 18. Bxf7+
{[%clk 0:20:34]} Kd8 {[%clk 0:01:53]} 19. Ne6+ {[%clk 0:19:16]} Ke7 {[%clk
0:02:20]} 20. Qxb4+ {[%clk 0:19:16]} Kxf7 {[%clk 0:02:39]} 21. Qxb7 {[%clk
0:19:23]} Be7 {[%clk 0:01:54]} 22. Nc7 {[%clk 0:15:59]} Rad8 {[%clk 0:00:51]} 23.
Qd5+ {[%clk 0:16:05]} Kg6 {[%clk 0:01:14]} 24. Ne6 {[%clk 0:15:47]} Nc5 {[%clk
0:00:45]} 25. Nxd8 {[%clk 0:16:04]} Rxd8 {[%clk 0:01:11]} 26. Qc4 {[%clk
0:15:54]} e4 {[%clk 0:01:17]} 27. Bd2 {[%clk 0:09:52]} Nd3 {[%clk 0:00:44]} 28.
Qb5 {[%clk 0:08:28]} Nf4 {[%clk 0:00:40]} 29. Bxf4 {[%clk 0:07:37]} Qxf4 {[%clk
0:01:07]} 30. Rae1 {[%clk 0:07:33]} Bf6 {[%clk 0:00:37]} 31. Qc6 {[%clk 0:06:38]}
Kf5 {[%clk 0:00:59]} 32. g3 {[%clk 0:05:04]} Qf3 {[%clk 0:01:22]} 33. Qb5+ {[%clk
0:03:32]} Kg4 {[%clk 0:01:24]} 34. Qe2 {[%clk 0:02:05]} Qxe2 {[%clk 0:01:45]} 35.
Rxe2 {[%clk 0:02:30]} Kf3 {[%clk 0:01:40]} 36. Rfe1 {[%clk 0:01:25]} Re8 {[%clk
0:01:59]} 37. b4 {[%clk 0:01:01]} Bg5 {[%clk 0:02:16]} 38. Rb2 {[%clk 0:00:46]}
d3 {[%clk 0:02:16]} 39. b5 {[%clk 0:00:46]} d2 {[%clk 0:02:26]} 40. Rb3+ {[%clk
0:30:36]} e3 {[%clk 0:31:44]} 41. Rf1 {[%clk 0:22:35]} Ke2 {[%clk 0:21:02]} 42.
Rbb1 {[%clk 0:21:58]} Rf8 {[%clk 0:15:04]} 43. fxe3 {[%clk 0:18:52]} Bxe3+ {[%clk
0:14:04]} 44. Kg2 {[%clk 0:19:17]} Rxf1 {[%clk 0:09:13]} 45. Rxf1 {[%clk
0:19:43]} h5 {[%clk 0:07:54]} 46. h4 {[%clk 0:16:53]} Bb6 {[%clk 0:05:59]} 47. a4
{[%clk 0:14:58]} Ba5 {[%clk 0:02:47]} 1/2-1/2

[Event "European Women's Championship"]
[Site "Vysoke Tatry"]
[Date "2018.04.09"]
[Round "2"]
[White "Maltsevskaya, Aleksandra"]
[Black "Cramling, Pia"]
[Result "1-0"]
[Board "29"]
[WhiteElo "2237"]
[WhiteCountry "RUS"]
[WhiteFideId "24174041"]
[WhiteEloChange "16"]
[BlackElo "2472"]
[BlackTitle "GM"]
[BlackCountry "SWE"]
[BlackFideId "1700030"]
[BlackEloChange "-8"]

1. e4 {[%clk 1:30:57]} c5 {[%clk 1:30:53]} 2. Nf3 {[%clk 1:31:20]} Nc6 {[%clk
1:30:56]} 3. d4 {[%clk 1:31:39]} cxd4 {[%clk 1:31:22]} 4. Nxd4 {[%clk 1:32:04]}
Nf6 {[%clk 1:31:35]} 5. Nc3 {[%clk 1:32:25]} d6 {[%clk 1:31:59]} 6. Bg5 {[%clk
1:32:13]} Bd7 {[%clk 1:32:12]} 7. Qd2 {[%clk 1:31:51]} Rc8 {[%clk 1:32:30]} 8. f3
{[%clk 1:32:03]} a6 {[%clk 1:31:21]} 9. Nxc6 {[%clk 1:25:34]} Bxc6 {[%clk
1:31:23]} 10. O-O-O {[%clk 1:23:43]} e6 {[%clk 1:12:12]} 11. Kb1 {[%clk 1:05:55]}
Be7 {[%clk 0:55:26]} 12. Bd3 {[%clk 1:06:00]} O-O {[%clk 0:54:45]} 13. h4 {[%clk
1:06:02]} Qc7 {[%clk 0:53:54]} 14. g4 {[%clk 1:05:19]} Rfd8 {[%clk 0:44:49]} 15.
Qe1 {[%clk 0:58:00]} b5 {[%clk 0:43:14]} 16. Ne2 {[%clk 0:57:40]} b4 {[%clk
0:22:49]} 17. Bxf6 {[%clk 0:53:49]} Bxf6 {[%clk 0:23:08]} 18. g5 {[%clk 0:54:07]}
Be7 {[%clk 0:23:05]} 19. Nd4 {[%clk 0:53:58]} a5 {[%clk 0:22:14]} 20. Nxc6 {[%clk
0:49:18]} Qxc6 {[%clk 0:22:42]} 21. f4 {[%clk 0:49:30]} a4 {[%clk 0:22:23]} 22.
h5 {[%clk 0:42:54]} a3 {[%clk 0:20:16]} 23. g6 {[%clk 0:38:42]} axb2 {[%clk
0:16:49]} 24. gxf7+ {[%clk 0:36:50]} Kh8 {[%clk 0:13:17]} 25. e5 {[%clk 0:27:25]}
Ra8 {[%clk 0:11:00]} 26. h6 {[%clk 0:21:14]} g6 {[%clk 0:11:13]} 27. exd6 {[%clk
0:21:27]} Bf6 {[%clk 0:10:42]} 28. Qxe6 {[%clk 0:20:41]} Rxd6 {[%clk 0:07:10]}
29. Qe4 {[%clk 0:18:37]} Qa4 {[%clk 0:06:24]} 30. a3 {[%clk 0:14:30]} Rdd8 {[%clk
0:04:10]} 31. Rhe1 {[%clk 0:12:19]} Qd7 {[%clk 0:02:51]} 32. Qxa8 {[%clk
0:06:18]} Rxa8 {[%clk 0:02:41]} 33. Bc4 {[%clk 0:06:41]} Qc6 {[%clk 0:00:50]} 34.
Bd5 {[%clk 0:03:06]} bxa3 {[%clk 0:01:03]} 35. f8Q+ {[%clk 0:03:18]} 1-0

[Event "European Women's Championship"]
[Site "Vysoke Tatry"]
[Date "2018.04.09"]
[Round "2"]
[White "Paehtz, Elisabeth"]
[Black "Martynkova, Olena"]
[Result "1-0"]
[Board "30"]
[WhiteElo "2468"]
[WhiteTitle "IM"]
[WhiteCountry "GER"]
[WhiteFideId "4641833"]
[WhiteEloChange "3"]
[BlackElo "2280"]
[BlackTitle "WIM"]
[BlackCountry "UKR"]
[BlackFideId "14134039"]
[BlackEloChange "-5"]

1. d4 {[%clk 1:30:59]} d5 {[%clk 1:29:35]} 2. Nf3 {[%clk 1:31:12]} Nf6 {[%clk
1:28:36]} 3. c4 {[%clk 1:31:31]} c6 {[%clk 1:28:31]} 4. Nc3 {[%clk 1:25:21]} e6
{[%clk 1:27:03]} 5. e3 {[%clk 1:20:39]} Bd6 {[%clk 1:21:40]} 6. Qc2 {[%clk
1:19:42]} Nbd7 {[%clk 1:18:58]} 7. Bd3 {[%clk 1:17:50]} O-O {[%clk 1:16:48]} 8.
O-O {[%clk 1:14:44]} dxc4 {[%clk 1:15:52]} 9. Bxc4 {[%clk 1:15:10]} a6 {[%clk
1:14:21]} 10. Bd3 {[%clk 0:56:43]} e5 {[%clk 1:04:35]} 11. dxe5 {[%clk 0:55:39]}
Nxe5 {[%clk 1:04:26]} 12. Nxe5 {[%clk 0:56:05]} Bxe5 {[%clk 1:04:46]} 13. h3
{[%clk 0:56:04]} h6 {[%clk 0:58:01]} 14. e4 {[%clk 0:50:57]} Bc7 {[%clk 0:31:18]}
15. Rd1 {[%clk 0:39:33]} Qd6 {[%clk 0:25:43]} 16. f4 {[%clk 0:39:58]} Bb6+ {[%clk
0:24:39]} 17. Kh2 {[%clk 0:34:32]} Qe7 {[%clk 0:23:30]} 18. g3 {[%clk 0:34:52]}
Be6 {[%clk 0:15:41]} 19. b3 {[%clk 0:31:43]} Rad8 {[%clk 0:09:57]} 20. Qe2 {[%clk
0:28:35]} Rfe8 {[%clk 0:02:38]} 21. Bb2 {[%clk 0:28:37]} Bc8 {[%clk 0:02:15]} 22.
Bc2 {[%clk 0:18:57]} Nd5 {[%clk 0:01:00]} 23. Nxd5 {[%clk 0:18:46]} cxd5 {[%clk
0:01:27]} 24. e5 {[%clk 0:18:50]} d4 {[%clk 0:01:04]} 25. Bd3 {[%clk 0:16:28]} g6
{[%clk 0:00:41]} 26. Rac1 {[%clk 0:13:20]} Be6 {[%clk 0:00:43]} 27. Re1 {[%clk
0:07:23]} Ba5 {[%clk 0:00:35]} 28. Rf1 {[%clk 0:07:44]} Bb6 {[%clk 0:00:34]} 29.
Rce1 {[%clk 0:07:37]} Ba5 {[%clk 0:00:35]} 30. Rd1 {[%clk 0:08:03]} Bb6 {[%clk
0:00:39]} 31. Bc1 {[%clk 0:08:29]} f5 {[%clk 0:00:35]} 32. g4 {[%clk 0:05:04]}
Rf8 {[%clk 0:00:50]} 33. gxf5 {[%clk 0:04:29]} gxf5 {[%clk 0:00:36]} 34. Rg1+
{[%clk 0:02:49]} Kh7 {[%clk 0:00:52]} 35. Rg3 {[%clk 0:01:50]} Qf7 {[%clk
0:00:40]} 36. Rdg1 {[%clk 0:01:16]} Rg8 {[%clk 0:01:02]} 37. Ba3 {[%clk 0:00:57]}
Rxg3 {[%clk 0:00:41]} 38. Rxg3 {[%clk 0:01:24]} Rg8 {[%clk 0:00:53]} 39. Rxg8
{[%clk 0:01:10]} Qxg8 {[%clk 0:00:47]} 40. Qh5 {[%clk 0:30:47]} Qg6 {[%clk
0:30:47]} 41. Qh4 {[%clk 0:27:51]} Qf7 {[%clk 0:25:29]} 42. Bd6 {[%clk 0:22:35]}
a5 {[%clk 0:17:16]} 43. Qg4 {[%clk 0:16:31]} Qg6 {[%clk 0:13:40]} 44. Qf3 {[%clk
0:15:35]} Qf7 {[%clk 0:13:09]} 45. Qg2 {[%clk 0:14:19]} Bd5 {[%clk 0:06:13]} 46.
Qc2 {[%clk 0:13:42]} Be6 {[%clk 0:06:15]} 47. Bc5 {[%clk 0:11:47]} Bd8 {[%clk
0:01:45]} 48. Bxd4 {[%clk 0:12:04]} Qd7 {[%clk 0:01:06]} 49. Bf2 {[%clk 0:11:49]}
b6 {[%clk 0:00:37]} 50. Bc4 {[%clk 0:09:55]} Qc6 {[%clk 0:00:36]} 51. Qd3 {[%clk
0:09:50]} Bc7 {[%clk 0:00:42]} 52. Bh4 {[%clk 0:09:34]} Qd7 {[%clk 0:00:35]} 53.
Qxd7+ {[%clk 0:08:09]} Bxd7 {[%clk 0:01:03]} 54. a4 {[%clk 0:08:27]} Kg6 {[%clk
0:00:42]} 55. Kg3 {[%clk 0:08:28]} Bc6 {[%clk 0:00:35]} 56. Be7 {[%clk 0:08:20]}
Be8 {[%clk 0:00:38]} 57. Kf3 {[%clk 0:05:24]} Bf7 {[%clk 0:00:41]} 58. e6 {[%clk
0:02:23]} Be8 {[%clk 0:00:44]} 59. Ke3 {[%clk 0:02:45]} Bc6 {[%clk 0:00:35]} 60.
Ba3 {[%clk 0:01:55]} Kf6 {[%clk 0:00:36]} 61. Bb2+ {[%clk 0:02:07]} Ke7 {[%clk
0:00:49]} 62. Bg7 {[%clk 0:02:00]} h5 {[%clk 0:00:38]} 63. Bh6 {[%clk 0:02:24]}
Bd6 {[%clk 0:00:37]} 64. Bg5+ {[%clk 0:02:48]} Kf8 {[%clk 0:00:35]} 65. Kd4
{[%clk 0:02:25]} h4 {[%clk 0:00:34]} 66. Bd3 {[%clk 0:02:30]} Bf3 {[%clk
0:00:33]} 67. Bxf5 {[%clk 0:02:36]} Bd1 {[%clk 0:00:47]} 68. Kc4 {[%clk 0:02:54]}
Be7 {[%clk 0:00:49]} 69. Bh6+ {[%clk 0:02:26]} Kg8 {[%clk 0:00:36]} 70. Bd3
{[%clk 0:02:08]} Bf3 {[%clk 0:00:34]} 71. Kb5 {[%clk 0:01:03]} Bd5 {[%clk
0:00:56]} 72. Bc4 {[%clk 0:00:57]} Bg2 {[%clk 0:01:05]} 73. f5 {[%clk 0:01:15]}
Kh7 {[%clk 0:01:06]} 74. Bf4 {[%clk 0:01:33]} Bxh3 {[%clk 0:00:35]} 75. Bd3
{[%clk 0:01:53]} Kg8 {[%clk 0:00:33]} 76. Be5 {[%clk 0:02:10]} Bc5 {[%clk
0:00:32]} 77. Bc4 {[%clk 0:01:36]} Kf8 {[%clk 0:00:45]} 78. f6 {[%clk 0:01:57]}
Bf5 {[%clk 0:00:45]} 79. Bf4 {[%clk 0:01:44]} h3 {[%clk 0:00:34]} 80. Bh6+ {[%clk
0:02:01]} Ke8 {[%clk 0:00:57]} 81. f7+ {[%clk 0:02:26]} Kd8 {[%clk 0:01:02]} 82.
f8Q+ {[%clk 0:02:35]} Bxf8 {[%clk 0:01:29]} 83. Bxf8 {[%clk 0:03:01]} h2 {[%clk
0:01:01]} 84. e7+ {[%clk 0:02:42]} Ke8 {[%clk 0:01:15]} 85. Bd5 {[%clk 0:03:08]}
Be6 {[%clk 0:00:54]} 86. Bh1 {[%clk 0:03:26]} Bxb3 {[%clk 0:00:31]} 87. Bc6+
{[%clk 0:03:50]} 1-0

[Event "European Women's Championship"]
[Site "Vysoke Tatry"]
[Date "2018.04.09"]
[Round "2"]
[White "Zawadzka, Jolanta"]
[Black "Solozhenkina, Elizaveta"]
[Result "1-0"]
[Board "31"]
[WhiteElo "2442"]
[WhiteTitle "WGM"]
[WhiteCountry "POL"]
[WhiteFideId "1122320"]
[WhiteEloChange "2"]
[BlackElo "2236"]
[BlackTitle "WIM"]
[BlackCountry "RUS"]
[BlackFideId "34106615"]
[BlackEloChange "-5"]

1. e4 {[%clk 1:30:58]} c5 {[%clk 1:30:56]} 2. Nf3 {[%clk 1:31:21]} d6 {[%clk
1:31:22]} 3. d4 {[%clk 1:31:46]} cxd4 {[%clk 1:31:48]} 4. Nxd4 {[%clk 1:32:10]}
Nf6 {[%clk 1:32:15]} 5. Nc3 {[%clk 1:32:32]} a6 {[%clk 1:32:40]} 6. Be3 {[%clk
1:32:57]} Ng4 {[%clk 1:33:05]} 7. Bg5 {[%clk 1:33:18]} h6 {[%clk 1:33:14]} 8. Bc1
{[%clk 1:33:41]} Nc6 {[%clk 1:26:17]} 9. Nxc6 {[%clk 1:33:58]} bxc6 {[%clk
1:26:43]} 10. Bc4 {[%clk 1:34:17]} e5 {[%clk 1:22:26]} 11. b3 {[%clk 1:34:16]}
Be7 {[%clk 1:21:12]} 12. Bb2 {[%clk 1:34:22]} O-O {[%clk 1:20:21]} 13. Qe2 {[%clk
1:34:15]} Qb6 {[%clk 1:16:26]} 14. h3 {[%clk 1:30:56]} Nf6 {[%clk 1:16:45]} 15.
O-O-O {[%clk 1:31:10]} a5 {[%clk 1:08:59]} 16. Rhe1 {[%clk 1:24:33]} Ba6 {[%clk
0:49:16]} 17. Na4 {[%clk 1:18:37]} Qb7 {[%clk 0:45:53]} 18. Bxa6 {[%clk 1:18:17]}
Rxa6 {[%clk 0:43:30]} 19. g3 {[%clk 1:13:55]} Raa8 {[%clk 0:39:32]} 20. f4 {[%clk
1:09:12]} Qc7 {[%clk 0:39:10]} 21. Qf2 {[%clk 1:00:58]} Nd7 {[%clk 0:35:14]} 22.
Kb1 {[%clk 0:54:11]} Rab8 {[%clk 0:33:59]} 23. Rd3 {[%clk 0:53:00]} Rfd8 {[%clk
0:24:14]} 24. Red1 {[%clk 0:48:12]} Nf6 {[%clk 0:18:10]} 25. Qf3 {[%clk 0:38:22]}
Rb4 {[%clk 0:11:20]} 26. fxe5 {[%clk 0:37:01]} Nxe4 {[%clk 0:10:13]} 27. exd6
{[%clk 0:34:39]} Rxd6 {[%clk 0:06:55]} 28. Rxd6 {[%clk 0:30:16]} Nxd6 {[%clk
0:03:52]} 29. Nc5 {[%clk 0:29:54]} Rb5 {[%clk 0:02:35]} 30. Nd3 {[%clk 0:24:39]}
Rf5 {[%clk 0:02:20]} 31. Qe2 {[%clk 0:24:31]} Bf8 {[%clk 0:01:46]} 32. g4 {[%clk
0:24:03]} Rb5 {[%clk 0:01:58]} 33. Ne5 {[%clk 0:21:10]} a4 {[%clk 0:01:43]} 34.
c4 {[%clk 0:14:23]} Rb8 {[%clk 0:00:51]} 35. c5 {[%clk 0:14:13]} Nb5 {[%clk
0:00:48]} 36. Rd7 {[%clk 0:14:18]} Qc8 {[%clk 0:00:58]} 37. Qc4 {[%clk 0:14:17]}
axb3 {[%clk 0:00:55]} 38. Qxf7+ {[%clk 0:13:09]} Kh7 {[%clk 0:01:04]} 39. a4
{[%clk 0:09:41]} 1-0

[Event "European Women's Championship"]
[Site "Vysoke Tatry"]
[Date "2018.04.09"]
[Round "2"]
[White "Kursova, Maria"]
[Black "Hoang, Thanh Trang"]
[Result "0-1"]
[Board "32"]
[WhiteElo "2278"]
[WhiteTitle "WGM"]
[WhiteCountry "ARM"]
[WhiteFideId "4129709"]
[WhiteEloChange "-6"]
[BlackElo "2437"]
[BlackTitle "GM"]
[BlackCountry "HUN"]
[BlackFideId "12400149"]
[BlackEloChange "3"]

1. d4 {[%clk 1:30:55]} f5 {[%clk 1:30:39]} 2. c4 {[%clk 1:30:31]} Nf6 {[%clk
1:30:21]} 3. Nf3 {[%clk 1:30:37]} g6 {[%clk 1:28:52]} 4. g3 {[%clk 1:30:19]} Bg7
{[%clk 1:28:55]} 5. Bg2 {[%clk 1:30:37]} O-O {[%clk 1:29:06]} 6. O-O {[%clk
1:30:50]} d6 {[%clk 1:29:17]} 7. Nc3 {[%clk 1:30:54]} c6 {[%clk 1:28:12]} 8. b3
{[%clk 1:30:31]} Qc7 {[%clk 1:21:49]} 9. Ba3 {[%clk 1:28:46]} a5 {[%clk 1:18:52]}
10. Qd3 {[%clk 1:03:17]} Na6 {[%clk 1:16:39]} 11. Rad1 {[%clk 0:57:37]} Nb4
{[%clk 1:11:45]} 12. Qb1 {[%clk 0:57:05]} e5 {[%clk 1:10:00]} 13. dxe5 {[%clk
0:48:22]} dxe5 {[%clk 1:10:02]} 14. e4 {[%clk 0:46:05]} f4 {[%clk 0:55:21]} 15.
gxf4 {[%clk 0:29:54]} Nh5 {[%clk 0:51:57]} 16. Ne2 {[%clk 0:24:02]} Nxf4 {[%clk
0:46:21]} 17. Nxf4 {[%clk 0:24:28]} Rxf4 {[%clk 0:46:28]} 18. Bc1 {[%clk
0:24:18]} Rf8 {[%clk 0:46:25]} 19. Ne1 {[%clk 0:20:01]} Bg4 {[%clk 0:39:43]} 20.
f3 {[%clk 0:20:26]} Qb6+ {[%clk 0:38:15]} 21. Kh1 {[%clk 0:19:32]} Be6 {[%clk
0:38:26]} 22. Rd6 {[%clk 0:16:14]} Rfe8 {[%clk 0:37:21]} 23. f4 {[%clk 0:14:20]}
Qc5 {[%clk 0:32:40]} 24. fxe5 {[%clk 0:13:53]} Bxe5 {[%clk 0:32:14]} 25. Rd2
{[%clk 0:14:19]} Rf8 {[%clk 0:26:39]} 26. Rxf8+ {[%clk 0:13:47]} Rxf8 {[%clk
0:24:29]} 27. a3 {[%clk 0:11:21]} Qe3 {[%clk 0:20:51]} 28. Nf3 {[%clk 0:10:26]}
Bh3 {[%clk 0:15:26]} 29. Ng1 {[%clk 0:09:18]} Bd4 {[%clk 0:09:47]} 30. Rxd4
{[%clk 0:08:43]} Bxg2+ {[%clk 0:10:11]} 31. Kxg2 {[%clk 0:09:05]} Rf2+ {[%clk
0:10:07]} 32. Kh1 {[%clk 0:09:15]} Qxd4 {[%clk 0:10:24]} 33. axb4 {[%clk
0:09:13]} Qe5 {[%clk 0:09:45]} 0-1

[Event "European Women's Championship"]
[Site "Vysoke Tatry"]
[Date "2018.04.09"]
[Round "2"]
[White "Tsolakidou, Stavroula"]
[Black "Novosadova, Kristyna"]
[Result "1-0"]
[Board "33"]
[WhiteElo "2430"]
[WhiteTitle "WGM"]
[WhiteCountry "GRE"]
[WhiteFideId "4264312"]
[WhiteEloChange "3"]
[BlackElo "2240"]
[BlackCountry "CZE"]
[BlackFideId "328065"]
[BlackEloChange "-5"]

1. c4 {[%clk 1:30:57]} e5 {[%clk 1:30:55]} 2. Nc3 {[%clk 1:31:20]} Nc6 {[%clk
1:30:08]} 3. e3 {[%clk 1:31:42]} g6 {[%clk 1:27:20]} 4. d4 {[%clk 1:31:46]} d6
{[%clk 1:26:46]} 5. Nf3 {[%clk 1:31:57]} Bg7 {[%clk 1:26:35]} 6. Be2 {[%clk
1:32:03]} Bd7 {[%clk 1:22:36]} 7. O-O {[%clk 1:30:45]} f5 {[%clk 1:22:27]} 8. d5
{[%clk 1:20:22]} Nce7 {[%clk 1:22:39]} 9. Ng5 {[%clk 1:13:01]} h6 {[%clk
1:14:23]} 10. Ne6 {[%clk 1:13:14]} Bxe6 {[%clk 1:14:48]} 11. dxe6 {[%clk
1:13:39]} Qc8 {[%clk 1:12:46]} 12. c5 {[%clk 0:59:51]} dxc5 {[%clk 1:06:24]} 13.
Qb3 {[%clk 0:58:22]} b6 {[%clk 1:04:19]} 14. Rd1 {[%clk 0:56:44]} Nf6 {[%clk
1:03:12]} 15. e4 {[%clk 0:35:22]} Kf8 {[%clk 0:51:15]} 16. f4 {[%clk 0:28:13]}
Nxe4 {[%clk 0:37:21]} 17. Nxe4 {[%clk 0:26:48]} fxe4 {[%clk 0:37:39]} 18. Rd7
{[%clk 0:24:28]} Rh7 {[%clk 0:25:38]} 19. Be3 {[%clk 0:20:34]} exf4 {[%clk
0:14:47]} 20. Rf1 {[%clk 0:17:56]} g5 {[%clk 0:12:35]} 21. Qa4 {[%clk 0:13:41]}
Bd4 {[%clk 0:08:35]} 22. Bxd4 {[%clk 0:13:27]} cxd4 {[%clk 0:08:56]} 23. Qxd4
{[%clk 0:13:11]} Kg8 {[%clk 0:07:52]} 24. Qxe4 {[%clk 0:08:50]} Rg7 {[%clk
0:04:53]} 25. Bh5 {[%clk 0:08:24]} Kh8 {[%clk 0:04:25]} 26. Bf7 {[%clk 0:04:08]}
Rxf7 {[%clk 0:04:08]} 27. exf7 {[%clk 0:04:18]} 1-0

[Event "European Women's Championship"]
[Site "Vysoke Tatry"]
[Date "2018.04.09"]
[Round "2"]
[White "Zherebtsova, Alexandra"]
[Black "Ushenina, Anna"]
[Result "0-1"]
[Board "34"]
[WhiteElo "2202"]
[WhiteTitle "WFM"]
[WhiteCountry "RUS"]
[WhiteFideId "24129518"]
[WhiteEloChange "-4"]
[BlackElo "2422"]
[BlackTitle "GM"]
[BlackCountry "UKR"]
[BlackFideId "14110911"]
[BlackEloChange "2"]

1. d4 {[%clk 1:30:57]} Nf6 {[%clk 1:30:44]} 2. Nf3 {[%clk 1:31:18]} e6 {[%clk
1:30:53]} 3. c4 {[%clk 1:31:44]} b6 {[%clk 1:31:12]} 4. a3 {[%clk 1:32:04]} Ba6
{[%clk 1:31:29]} 5. Qc2 {[%clk 1:30:09]} Bb7 {[%clk 1:30:01]} 6. Nc3 {[%clk
1:29:51]} c5 {[%clk 1:29:45]} 7. dxc5 {[%clk 1:28:11]} bxc5 {[%clk 1:30:00]} 8.
Bf4 {[%clk 1:25:32]} Nh5 {[%clk 1:30:13]} 9. Bd2 {[%clk 1:16:40]} Nc6 {[%clk
1:29:06]} 10. e3 {[%clk 1:13:00]} f5 {[%clk 1:25:38]} 11. h3 {[%clk 1:00:39]} Nf6
{[%clk 1:25:23]} 12. Be2 {[%clk 0:56:58]} Qc7 {[%clk 1:18:43]} 13. Rg1 {[%clk
0:42:58]} d6 {[%clk 1:06:50]} 14. g4 {[%clk 0:42:00]} g6 {[%clk 1:06:57]} 15. Nb5
{[%clk 0:26:24]} Qe7 {[%clk 1:06:27]} 16. Bc3 {[%clk 0:24:20]} Bg7 {[%clk
1:06:23]} 17. O-O-O {[%clk 0:20:02]} O-O-O {[%clk 1:05:58]} 18. gxf5 {[%clk
0:18:32]} exf5 {[%clk 0:54:13]} 19. Be1 {[%clk 0:18:42]} d5 {[%clk 0:44:00]} 20.
cxd5 {[%clk 0:14:57]} Nxd5 {[%clk 0:44:08]} 21. Qb3 {[%clk 0:11:11]} Nf4 {[%clk
0:33:07]} 22. Rxd8+ {[%clk 0:10:11]} Nxd8 {[%clk 0:29:17]} 23. Bd1 {[%clk
0:07:54]} Bd5 {[%clk 0:29:14]} 24. Qa4 {[%clk 0:06:29]} Nd3+ {[%clk 0:29:37]} 25.
Kb1 {[%clk 0:06:43]} Nxb2 {[%clk 0:26:08]} 26. Qa6+ {[%clk 0:06:59]} Bb7 {[%clk
0:23:10]} 27. Nd6+ {[%clk 0:06:11]} Kb8 {[%clk 0:23:28]} 28. Nxb7 {[%clk
0:06:16]} Nxb7 {[%clk 0:21:37]} 29. Bc2 {[%clk 0:05:45]} Rd8 {[%clk 0:21:38]} 30.
Bd2 {[%clk 0:02:28]} Rd6 {[%clk 0:21:20]} 31. Qe2 {[%clk 0:02:53]} Rb6 {[%clk
0:18:43]} 32. Kc1 {[%clk 0:03:19]} Nd6 {[%clk 0:18:44]} 33. e4 {[%clk 0:02:22]}
fxe4 {[%clk 0:17:42]} 34. Ng5 {[%clk 0:01:46]} Qe5 {[%clk 0:11:57]} 35. f4 {[%clk
0:00:47]} Nd3+ {[%clk 0:11:51]} 0-1